=LDR 00000nam 2200000 4500 =001 INLIS000000000051090 =005 20170822042959 =035 ##$$a 0010-0817000273 =007 ta =008 170822###########################0###### =020 ##$$a 978-602-317-131-6 =082 ##$$a 371.3-Ami-t =084 ##$$a 371.3-Ami-t MUH t =100 #$$a Muhammad Amien =245 1#$$a Top No # 1 super intensif UN SMA/ MA IPS 2016 =250 ##$$a Cet. 1 =260 ##$$a Surakarta :$b BISA,$c 2015 =300 ##$$a 792 hLM ; $c 25 Cm =990 ##$$a 95459545